000 00682cam a22002171 4500
001 6483132
005 20180209072009.0
008 720310s1949 nyu 000 0 eng
010 _a 49001495
035 _a(OCoLC)261172
040 _aDLC
_cODaWU
_dOCoLC
_dDLC
041 _aeng
042 _apremarc
080 _a136.7354
082 _a136.7354 HAV
100 1 _a24
101 _aFIL
245 1 0 _aAdolescent character and personality,
_cby Robert J. Havighurst and Hilda Taba [in collaboration with Andrew W. Brown and others] the Committee on Human Development, the University of Chicago.
906 _a7
_bcbc
_coclcrpl
_du
_encip
_f19
_gy-gencatlg
942 _2ddc
_cBK
999 _c42254
_d42254